Category of tense in the modern English language; its stylistic potential and translation problems; Journal of Economics and Social Sciences; № 3
| Parent link: | Journal of Economics and Social Sciences: electronic scientific journal.— , 2012-.— 2312-2978 № 3.— 2013.— [3 p.] |
|---|---|
| Autore principale: | |
| Altri autori: | |
| Riassunto: | Title screen The article investigates the tense category of the English language. The main peculiarities of the English tense are explained, stylistic potential is revealed and translation problems are analyzed. Данная статья рассматривает категорию времени в английском языке. Автором объясняются основные особенности системы английских времен, раскрывается стилистический потенциал категории, и исследуются проблемы ее перевода. |
| Lingua: | inglese |
| Pubblicazione: |
2013
|
| Serie: | Социологические науки |
| Soggetti: | |
| Accesso online: | http://earchive.tpu.ru/handle/11683/21762 |
| Natura: | MixedMaterials Elettronico Capitolo di libro |
| KOHA link: | https://koha.lib.tpu.ru/cgi-bin/koha/opac-detail.pl?biblionumber=537100 |
MARC
| LEADER | 00000naa2a2200000 4500 | ||
|---|---|---|---|
| 001 | 537100 | ||
| 005 | 20231101113848.0 | ||
| 035 | |a (RuTPU)RU\TPU\prd\226430 | ||
| 035 | |a RU\TPU\prd\226429 | ||
| 090 | |a 537100 | ||
| 100 | |a 20141125a2013 k y0rusy50 ba | ||
| 101 | 0 | |a eng | |
| 102 | |a RU | ||
| 135 | |a drcn ---uucaa | ||
| 181 | 0 | |a i | |
| 182 | 0 | |a b | |
| 200 | 1 | |a Category of tense in the modern English language; its stylistic potential and translation problems |f D. V. Malaschenko |g sci. adv. I. N. Matassova | |
| 203 | |a Text |c electronic | ||
| 215 | |a 1 файл (23 Кб) | ||
| 225 | 1 | |a Социологические науки | |
| 230 | |a Электронные текстовые данные (1 файл : 23 Кб) | ||
| 300 | |a Title screen | ||
| 320 | |a [References: 3 tit.] | ||
| 330 | |a The article investigates the tense category of the English language. The main peculiarities of the English tense are explained, stylistic potential is revealed and translation problems are analyzed. | ||
| 330 | |a Данная статья рассматривает категорию времени в английском языке. Автором объясняются основные особенности системы английских времен, раскрывается стилистический потенциал категории, и исследуются проблемы ее перевода. | ||
| 453 | |t Категория времени в современном английском языке |a Малащенко, Д. В. | ||
| 461 | 1 | |0 (RuTPU)RU\TPU\prd\225573 |x 2312-2978 |t Journal of Economics and Social Sciences |o electronic scientific journal |d 2012- | |
| 463 | 1 | |0 (RuTPU)RU\TPU\prd\226395 |t № 3 |v [3 p.] |d 2013 | |
| 610 | 1 | |a grammatical category | |
| 610 | 1 | |a stylistic potential | |
| 610 | 1 | |a verbal forms | |
| 610 | 1 | |a translating process | |
| 610 | 1 | |a nonstandard English | |
| 700 | 1 | |a Malaschenko |b D. V. | |
| 702 | 1 | |a Matassova |b I. N. |4 727 | |
| 801 | 1 | |a RU |b 63413507 |c 20090623 |g PSBO | |
| 801 | 2 | |a RU |b 63413507 |c 20160921 |g PSBO | |
| 856 | 4 | |u http://earchive.tpu.ru/handle/11683/21762 | |
| 942 | |c BK | ||